In the matter of certain high intensity retroreflective sheeting

Đã lưu trong:
Bibliografiske detaljer
Hovedforfatter: Brunsdale, Anne E.
Format: Bog
Sprog:Undetermined
Udgivet: Washington USITC publication 1988
Fag:
Tags: Tilføj Tag
Ingen Tags, Vær først til at tagge denne postø!
Thư viện lưu trữ: Trung tâm Học liệu Trường Đại học Cần Thơ
LEADER 00514nam a2200181Ia 4500
001 CTU_81452
008 210402s9999 xx 000 0 und d
082 |a 150 
082 |b B899 
100 |a Brunsdale, Anne E. 
245 0 |a In the matter of certain high intensity retroreflective sheeting 
245 0 |c Anne E. Brunsdale 
260 |a Washington 
260 |b USITC publication 
260 |c 1988 
650 |a Psychology 
904 |i Trọng Hải 
980 |a Trung tâm Học liệu Trường Đại học Cần Thơ